Music Quiz

Random Music Quiz

Things Blondie Will Do Quiz Stats

 Plays Quiz not verified by Sporcle

Support Sporcle.
Go Orange.
Score 0/7 Timer 01:00
0 Plays Today
I'm gonna % Correct
Getcha
97%
Find ya
85.2%
Meetcha
62.6%
See ya
51.9%
Win ya
44.1%
Lose ya
42.2%
Trick ya
25.6%

You're not logged in!

Compare scores with friends on all Sporcle quizzes.
OR
Log In

From the Vault

State Quiz: California

by interludes

If California had a Tinder profile, it would look a little something like this.
Remove Ads.
Support Sporcle.
Get the best of Sporcle when you Go Orange. This ad-free experience offers more features, more stats, and more fun while also helping to support Sporcle. Thank you for becoming a member.

Show Comments

Extras

Created Mar 22, 2012ReportNominate
Tags:blondie

Top Quizzes Today


Score Distribution

Your Account Isn't Verified!

In order to create a playlist on Sporcle, you need to verify the email address you used during registration. Go to your Sporcle Settings to finish the process.

Report this User

Report this user for behavior that violates our Community Guidelines.

Details: